[Event "ESP-ch U12 Rapid"]
[Site "Salobrena"]
[Date "2022.07.17"]
[Round "6"]
[White "Ibanez Koblash, Daniel"]
[Black "Andres Garre, Adrian"]
[Result "1/2-1/2"]
[WhiteElo "1326"]
[BlackElo "1205"]
[PlyCount "95"]
[EventDate "2022.07.09"]
[EventType "swiss (rapid)"]
[EventRounds "9"]
[EventCountry "ESP"]
[SourceTitle "EXT 2023"]
[Source "ChessBase"]
[SourceDate "2022.10.05"]
[SourceVersion "1"]
[SourceVersionDate "2022.10.05"]
[SourceQuality "1"]

1. d4 e6 2. Nf3 Nf6 3. c4 d5 4. g3 c5 5. cxd5 Nxd5 6. Bg2 b6 7. 0-0 Be7 8. dxc5 Bxc5 9. Nc3 Bb7 10. Ne5 0-0 11. Qb3 f6 12. Nd3 Na6 13. Nf4 Nac7 14. Ncxd5 Bxd5 15. Nxd5 exd5 16. e4 Kh8 17. exd5 Re8 18. d6 Ne6 19. Bxa8 Qxa8 20. d7 Re7 21. Rd1 Nd4 22. d8Q+ Qxd8 23. Be3 Rd7 24. Bxd4 Bxd4 25. Kf1 h6 26. Rd3 Bc5 27. Rxd7 Qxd7 28. Rd1 Qe7 29. Qd5 Kh7 30. Qd3+ Kh8 31. Qd8+ Qxd8 32. Rxd8+ Kh7 33. Rd7 a6 34. f3 Kg6 35. Rc7 Bd4 36. b3 Bc5 37. Rxc5 bxc5 38. Ke2 Kf5 39. Kd3 Ke5 40. Kc4 Kd6 41. a4 g6 42. f4 h5 43. Kd3 Kd5 44. Kc3 Kc6 45. Kd3 Kd5 46. h3 g5 47. fxg5 fxg5 48. Kc3 1/2-1/2